000 00530nam a2200193Ia 4500
005 20250508163823.0
008 008 250505s9999 xx 000 0 eng d
020 _a81-86562-95-8
037 _aTextual
040 _aFEDL
_beng
_cFEDL
041 _aeng
_2eng
084 _a371.1, SHA
_qFEDL
100 _aSharma Meenakshi
245 0 _aTeacher's unionism in higher education
260 _aNew Delhi, India
_bManas Saikia
_c2000
300 _a253p.
942 _cTEXL
_h371.1, SHA
999 _c1385446
_d1385446